Quizz Teen Wolf pour les vrais fans - Statistiques

Statistiques générales
  • Ce quiz a été pris 2 979 fois
  • Le résultat moyen est 11 sur 16
Statistiques - réponses
Question Réponse % Correct
Quel est le personnage principal? Scott McCall
99%
Quel personnage Scott mord-t-il dans la saison 4? Liam Dunbar
98%
Qui est possédé par le Noguitsune dans la saison 3b? Stiles Stilinski
98%
Qui est l'ami d'enfance que Scott et Stiles retrouvent dans la saison 5a? Théo Raeken
96%
Quel est la créature que Scott doit affronter dans la saison 2? Kanima
95%
Quel est l'origine de la légende de la Bête du Gévaudan dans la saison 5b? Française
89%
Quel couple se forment? Scott et Malia
89%
Qui revient à Beacon Hills? Derek, Jackson et Ethan
85%
Qui sont les nouveaux vilains dans la saison 6a? Cavaliers fantômes
83%
Qui est l'alpha à la fin de la saison 1? Derek Hale
70%
Qui permet à Scott de cicatrisé? Malia
67%
Comment s'appelle le loup-garou que Scott sauve dans l'épisode final? Alec
59%
Qui disparaît dans le premier épisode? Stiles Stilinski
59%
Quel est le nom de la meute que Scott et Malia vont voir pour les aider? Les Primitifs
49%
Qui se rapprochent? Liam et Théo
9%
Qui est le méchant dans la saison 6b? Kanima
2%
Aucun quiz correspondant
Distribution des résultats
% des personnes avec chaque résultat
Percentile par nombre de réponses
Votre historique - résultats
Vous n’avez pas pris ce quiz